Aeneae Silvii Senesis de Bohemorũ origine ac gestis historia, uariarũ rerũ narrationem complectens. Cui nunc primum copiosus acceßit index quo facilius studioso lectori sit obuiam, quicquid de una quaq;re, cuius in hoc libello sit mentio, scire desiderat

Bibliographic Details
Main Author: Pius II., pápež, 1405-1464 (Author)
Other Authors: Fuchs, Hero, zomrel 1556 (Printer)
Format: Book
Language:Latin
PhysicalDescription:14 nečíslovaných strán , 173 strán, 1 nečíslovaná strana 15,5 cm
Subjects:

MARC

LEADER 00000nam a2200000 4500
001 vtls012078128
003 SK-MaSNL
005 20260302062111.0
008 211122s1524 gw a f 001 0 lat
015 |a SNBHFA 
040 |a SNKHF  |b slo  |c SNKHF  |e rda 
041 0 |a lat 
043 |a e-xr--- 
044 |a gw  |c DE 
072 7 |a 93/94  |x Dejiny (všeobecne)  |2 konspekt 
080 |a 94(437.3)  |2 2011 
080 |a 93/94  |2 2011 
100 0 |a Pius  |b II.,  |c pápež,  |d 1405-1464  |4 aut  |9 100213 
245 1 0 |a Aeneae Silvii Senesis de Bohemorũ origine ac gestis historia, uariarũ rerũ narrationem complectens. Cui nunc primum copiosus acceßit index quo facilius studioso lectori sit obuiam, quicquid de una quaq;re, cuius in hoc libello sit mentio, scire desiderat 
246 3 0 |a Bohemorũ origine ac gestis historia, uariarũ rerũ narrationem complectens. 
264 3 |a Coloniae  |b apud Heronem Alopecium  |c Anno M. D. XXIIII. (1528) Mense Octobri 
300 |a 14 nečíslovaných strán , 173 strán, 1 nečíslovaná strana  |c 15,5 cm 
336 |a text  |b txt  |2 rdacontent 
337 |a bez média  |b n  |2 rdamedia 
338 |a zväzok  |b nc  |2 rdacarrier 
500 |a Titulný list v drevorezovom ráme s figurálnou výzdobou, iniciálky s ornamentálnym pozadím v rámčeku na 5 riadkov, typografická ozdoba, verzálky, kustody 
504 |a Tlačené marginálie, register 
508 |a Predslov autora 
510 4 |a VD 16  |c P 3102 
546 |a Latinský text  |b Kurzíva 
563 |a Väzba: lepenková.  |5 SNK ID 93290 
650 0 7 |a dejiny  |2 SNKPH  |9 3825 
651 7 |a Česko  |x dejiny  |2 SNKPHgeo  |9 58420 
700 1 |a Fuchs, Hero,  |d zomrel 1556  |4 prt  |9 127753 
752 |a Nemecko  |d Kolín nad Rýnom 
852 |a snk  |b Historické fondy  |p ID 93290 
958 |a ONDV 
958 |a DA 
999 |c 1127992  |d 1129922 
952 |t Tlače 16. stor.  |a SNK  |b SNK  |c SNK_HF  |y PREZ  |7 0  |p 17A1398624  |o snkID 93290  |i snkK 1291/92  |8 3  |0 0  |1 0  |4 0  |d 2021-11-22  |f 1  |l 0  |r 2026-02-24 18:52:17  |w 2026-02-24